Advances in numerical heat transfer. (Record no. 130058)

MARC details
000 -LEADER
fixed length control field 01107nam a2200277 a 4500
001 - CONTROL NUMBER
control field vtls003206557
003 - CONTROL NUMBER IDENTIFIER
control field MY-SjTCS
005 - DATE AND TIME OF LATEST TRANSACTION
control field 20200207100457.0
008 - FIXED-LENGTH DATA ELEMENTS--GENERAL INFORMATION
fixed length control field 110218s2009 flua 001 0 eng d
020 ## - INTERNATIONAL STANDARD BOOK NUMBER
International Standard Book Number 1420095218 (pbk.)
020 ## - INTERNATIONAL STANDARD BOOK NUMBER
International Standard Book Number 9781420095210 (pbk.)
039 #9 - LEVEL OF BIBLIOGRAPHIC CONTROL AND CODING DETAIL [OBSOLETE]
Level of rules in bibliographic description 201102181533
Level of effort used to assign nonsubject heading access points VLOAD
Level of effort used to assign subject headings 201010201037
Level of effort used to assign classification pushpa
Level of effort used to assign subject headings 201010181509
Level of effort used to assign classification siew_eng
-- 201008131619
-- malathy
082 04 - DEWEY DECIMAL CLASSIFICATION NUMBER
Classification number 621.4022
Item number ADV 2009
245 00 - TITLE STATEMENT
Title Advances in numerical heat transfer.
Number of part/section of a work Vol. 3 /
Statement of responsibility, etc. edited by W.J. Minkowycz, E.M. Sparrow ; guest editor, J.P. Abraham.
260 ## - PUBLICATION, DISTRIBUTION, ETC.
Place of publication, distribution, etc. Boca Raton, Fla. :
Name of publisher, distributor, etc. CRC Press,
Date of publication, distribution, etc. 2009.
300 ## - PHYSICAL DESCRIPTION
Extent xii, 384 p. : ill. ; 24 cm.
490 1# - SERIES STATEMENT
Series statement Computational and physical processes in mechanics and thermal sciences.
504 ## - BIBLIOGRAPHY, ETC. NOTE
Bibliography, etc. note Includes bibliographical references and index.
650 #0 - SUBJECT ADDED ENTRY--TOPICAL TERM
Topical term or geographic name entry element Heat
General subdivision Transmission
-- Mathematical models.
650 #0 - SUBJECT ADDED ENTRY--TOPICAL TERM
Topical term or geographic name entry element Numerical analysis
700 1# - ADDED ENTRY--PERSONAL NAME
Personal name Minkowycz, W. J.
700 1# - ADDED ENTRY--PERSONAL NAME
Personal name Sparrow, E. M.
Fuller form of name (Ephraim M.)
700 1# - ADDED ENTRY--PERSONAL NAME
Personal name Abraham, J. P.
830 #0 - SERIES ADDED ENTRY--UNIFORM TITLE
Uniform title Series in computational and physical processes in mechanics and thermal sciences.
920 ## - Programme
Programme ENG : 149494
Holdings
Withdrawn status Lost status Source of classification or shelving scheme Damaged status Not for loan Collection code Home library Current library Date acquired Cost, normal purchase price Total Checkouts Barcode Date last seen Copy number Cost, replacement price Koha item type Public note
Withdrawn   Dewey Decimal Classification     Please fill up online form at https://taylorslibrary.taylors.edu.my/services/external_storage1 Taylor's Library-TU TU External Storage-LCS 07/09/2010 494.70   5000099314 05/12/2019 1 494.70 Main Collection SOExx,07015,03,GR